| 000 | 00434cam a22001337a 4500 | ||
|---|---|---|---|
| 008 | 180718b1951 xxu||||| |||| 00| 0 eng d | ||
| 082 | _aY15x5452 M267 | ||
| 100 | _aMadras. Land Revenue Reforms Committee | ||
| 245 | _aThe Land Revenue Reforms Committee: report | ||
| 260 |
_aMadras _bThe author _c1951 |
||
| 300 | _a2 Reports | ||
| 500 | _aContents. First report. 164+p; Second report. 205+p. | ||
| 700 | _aSubramanian, M.V. (Chairman) | ||
| 999 |
_c489970 _d489970 |
||